Documentation and conservation of art in Syria : papers of the workshop held at Damascus University, 16-19 September 1996 /

محفوظ في:

مؤلفون آخرون: Zayat, Elias., Immerzeel, Mat., Saliby, Nessib.

التنسيق: كتاب

اللغة: English
Arabic

منشور في: Leiden, the Netherlands : Research School for African, Asian and Amerindian Studies, 2000.

سلاسل: Contributions By the Nederlands-Vlaams Instituut in Cairo ; 4.
CNWS publications ; 88.

الموضوعات:

الوسوم: إضافة وسم

لا توجد وسوم, كن أول من يضع وسما على هذه التسجيلة!

رقم الطلب: DS41 .N4 v.4

LEADER 01376namaa2200349 4500
001 12443
003 OSt
005 20250327094501.0
008 130303s2000 ne af b 100 0 eng d
020 |a 9057890402 
040 |c ARCE Library 
041 0 |a eng  |a ara 
043 |a a-sy--- 
050 4 |a DS41 .N4 v.4 
245 0 0 |a Documentation and conservation of art in Syria :   |b papers of the workshop held at Damascus University, 16-19 September 1996 /   |c edited by Elias Zayat and Mat Immerzeel. 
264 1 |a Leiden, the Netherlands :   |b Research School for African, Asian and Amerindian Studies,   |c 2000. 
300 |a 70, 149 pages, [26] page of plates :  |b illustration ;  |c 24 cm. 
490 1 |a Contributions By the Nederlands-Vlaams Instituut in Cairo ;   |v 4. 
490 1 |a CNWS publications ;   |v 88. 
500 |a Festschift in memory of Dr. Nassib Saliby, 1923-1996. 
504 |a Includes bibliographical references. 
546 |a English and Arabic. 
650 0 |a Art  |z Syria  |v Congresses. 
650 0 |a Mural painting and decoration  |x Conservation and restoration  |z Syria  |v Congresses. 
700 1 |a Zayat, Elias.  |9 42617 
700 1 |a Immerzeel, Mat.  |9 32884 
700 1 |a Saliby, Nessib. 
830 0 |a Contributions By the Nederlands-Vlaams Instituut in Cairo ;   |v 4. 
830 0 |a CNWS publications ;   |v 88. 
901 |a reviewed 
942 |c BK  |2 lcc 
999 |c 10871  |d 10871